000 00294nam a2200121Ia 4500
008 191201s2012 xx 000 0 und d
100 _aKHANNA,S.K.
245 0 _aAirport Planning and Design
260 _aN. delhi
_bNem Chand
_c2012
300 _a547
650 _aB.Tech(CE)
942 _2ddc
_cBK
_05
999 _c6316
_d6316